01809nam a22003854a 4500001001200000003000800012006001900020007001500039008004100054010001700095020003600112040002100148035002100169043001200190050002600202082001600228245015200244260005100396300002300447490006100470500006500531500024100596504005300837533015200890650002101042650003401063650002301097650003001120655002901150700002201179700001901201710001701220830006001237856012601297ebr10276713CaPaEBRm u cr cn|||||||||030505s2004 ilua sbs 001 0 eng  z 2003050721 z0226310183 (cloth : alk. paper) aCaPaEBRcCaPaEBR a(OCoLC)646798104 add-----14aHD7091b.S6244 2004eb04a368.4/322100aSocial security programs and retirement around the worldh[electronic resource] :bmicro-estimation /cedited by Jonathan Gruber and David A. Wise. aChicago :bUniversity of Chicago Press,c2004. aix, 741 p. :bill.1 aA National Bureau of Economic Research conference report aData report from a special project not part of a conference. aAn analysis and country-by-country comparison of the effects of social security incentives on retirement behavior in Belgium, Canada, Denmark, France, Germany, Italy, Japan, The Netherlands, Spain, Sweden, the UK, and the United States. aIncludes bibliographical references and indexes. aElectronic reproduction.bPalo Alto, Calif. :cebrary,d2013.nAvailable via World Wide Web.nAccess may be limited to ebrary affiliated libraries. 0aSocial security. 0aRetirementxEconomic aspects. 0aRetirement income. 0aOlder peoplexEmployment. 7aElectronic books.2local1 aGruber, Jonathan.1 aWise, David A.2 aebrary, Inc. 0aNational Bureau of Economic Research conference report.40uhttp://site.ebrary.com/lib/rucke/Doc?id=10276713zAn electronic book accessible through the World Wide Web; click to view